La tutela laboral frente a la discriminación por razón de género
Uloženo v:
| Hlavní autor: | |
|---|---|
| Médium: | Kniha |
| Jazyk: | španělština |
| Vydáno: |
Madrid
La Ley
2008
|
| Vydání: | 1a. ed |
| Edice: | La Ley Temas
|
| Témata: | |
| Tagy: |
Přidat tag
Žádné tagy, Buďte první, kdo vytvoří štítek k tomuto záznamu!
|
MARC
| LEADER | 00000nam a2200000 a 4500 | ||
|---|---|---|---|
| 001 | UCI8964 | ||
| 003 | CL-VaPUC | ||
| 008 | 081016e20080000SP |||||||||||||||||spa|d | ||
| 020 | |a 9788497259347 | ||
| 082 | 0 | 4 | |a 344.01 |b FER |2 21 |
| 100 | 0 | |a Fernandez López, María Fernanda |e author |9 532624 | |
| 245 | 1 | 3 | |a La tutela laboral frente a la discriminación por razón de género |
| 250 | |a 1a. ed | ||
| 300 | |a 273 p | ||
| 942 | |c BK | ||
| 945 | |d 20081016 00:00:00 |a rbrito | ||
| 260 | |a Madrid |b La Ley |c 2008 | ||
| 650 | 7 | |a DERECHO LABORAL |2 CL-VaPUC |9 15 | |
| 650 | 7 | |a DISCRIMINACION LABORAL |2 CL-VaPUC |9 410817 | |
| 650 | 0 | |a Mujeres trabajadoras |9 259236 | |
| 650 | 0 | |a Acoso sexual |9 375340 | |
| 650 | 0 | |a Jurisprudencia |9 255952 | |
| 650 | 0 | |a Igualdad de oportunidades |9 331873 | |
| 583 | |a last modification |c 20170801 05:44:38 |k Rodrigo Vera | ||
| 490 | 0 | |a La Ley Temas | |
| 999 | |c 331686 |d 331684 | ||
| 952 | |0 0 |1 0 |4 0 |6 344_010000000000000_FER_2008 |7 0 |8 A |9 418695 |a BIBDER |b BIBDER |d 2019-11-22 |i 4488679 |l 1 |o 344.01 FER 2008 |p 4488679 |r 2024-11-07 |s 2024-10-30 |w 2019-11-22 |y BK |k DER | ||